Prognóza hlavných makroekonomických ukazovateľov ekonomiky SR diplomová práca

Uložené v:
Podrobná bibliografia
Hlavný autor: Hrubjak, František
Korporativný autor: Národohospodárska fakulta EU. Katedra hospodárskej politiky
Ďalší autori: Vincúr, Pavol
Médium: Kniha
Jazyk:Slovak
Vydavateľské údaje: Bratislava 2008
Tagy: Pridať tag
Žiadne tagy, Buďte prvý, kto otaguje tento záznam!

MARC

LEADER 00000nam$a2200000$$$4500
001 0077624
005 20240201120204.6
041 0 |a slo 
044 |a SK 
245 1 0 |a Prognóza hlavných makroekonomických ukazovateľov ekonomiky SR  |b diplomová práca  |c František Hrubjak ; škol. Pavol Vincúr 
264 1 |a Bratislava  |c 2008 
300 |a 61 s. 
100 1 |a Hrubjak, František 
700 1 |a Vincúr, Pavol 
710 2 |a Národohospodárska fakulta EU. Katedra hospodárskej politiky